[Event "34th Chess Olympiad (men)"]
[Site "Istanbul"]
[Date "2000.10.28"]
[Round "1.58.3"]
[White "Kast, Harry"]
[Black "Sommerbauer, Norbert"]
[WhiteElo "2000"]
[BlackElo "2391"]
[WhiteCountry "BER"]
[BlackCountry "AUT"]
[Result "0-1"]

1. e4 c5 2. Nf3 e6 3. d4 cxd4 4. Nxd4 Nc6 5. Be3 Qc7 6. Be2 Nf6 7. Nc3 a6 8. a3
Be7 (8... Bd6 9. Qd2 (9. g3 Nxd4 10. Bxd4 b5 11. O-O e5 12. Be3 Bb7 13. Bxb5
Nxe4 14. Nd5 Qd8 15. Bc4 O-O 16. Qf3 Nc5 17. Rad1 Rc8 18. Qg4 Kh8 19. b4 f5 20.
Qh5 Ne4 21. Bb3 Bxd5 22. Bxd5 Nc3 23. Rd2 f4 24. gxf4 exf4 25. Bd4 Qe7 26. Bb7
Rc7 27. Bf3 Rc4 28. Bxc3 Rxc3 29. Rfd1 Be5 30. Rxd7 Qf6 31. Re1 Bd4 32. Re8
Rxc2 33. Rxf8+ Qxf8 34. Rxd4 Rc3 35. Kg2 h6 36. Qh4 Qf5 37. Qd8+ Kh7 38. Be4
f3+ 39. Kg3 {1-0, Jansa-Polugajewski, Bad Liebenstein 1963 (39)}) 9... Nxd4 (
9... Be5 10. Rd1 O-O 11. g3 d5 12. exd5 Nxd4 13. Bxd4 Bxd4 14. Qxd4 Nxd5 15.
Nxd5 exd5 16. Rd2 Bh3 17. Kd1 Be6 18. Kc1 b5 19. f4 Rab8 20. Bd3 f6 21. Re1 Bf7
22. Rde2 a5 23. Re7 Qc8 24. Qa7 Ra8 25. Qb7 b4 26. Qxc8 Rfxc8 27. axb4 axb4 28.
Rb7 Re8 29. Rxe8+ Bxe8 30. Rxb4 Ra1+ 31. Kd2 Rh1 32. Rb8 Rxh2+ 33. Ke3 {
1-0, Szabo-Dely, Budapest 1963 (33)}) 10. Bxd4 Bf4 11. Qd3 e5 12. Be3 Bxe3 13.
Qxe3 $5 (13. fxe3 $5 d6 14. O-O-O Ke7 15. g4 h6 16. h4 Be6 17. g5 hxg5 18. hxg5
Nd7 19. g6 Rxh1 (19... fxg6 20. Rhg1 Rh6 21. Bg4 $44) 20. Rxh1 Nf6 21. gxf7 Rf8
22. b3 $6 (22. Nd5+ Bxd5 23. exd5 e4 24. Qd4 Qc5 $10) 22... Rc8 (22... Rxf7 $10
) 23. Kb2 (23. Nd5+ $6 Bxd5 24. exd5 e4 25. Qd2 Qc5 $17) 23... Bxf7 24. Rg1 g6
25. Bg4 Rh8 $2 (25... Nxg4 26. Rxg4 Qd7 27. Rg3 Kf6 $10) 26. Nd5+ Bxd5 27. exd5
e4 28. Qd2 Kf8 29. Be6 Rh6 30. Qd4 Kg7 31. Rf1 g5 32. Rg1 Rh5 33. Bf5 Qe7 34.
Bg4 Rh4 35. Be6 Kg6 36. Qc3 $14 Qg7 $6 (36... Rh8) 37. Kb1 Rh2 $2 38. Qc8 $16
Rf2 (38... Qe7 39. Bf5+ $18) 39. Qd8 Qh7 40. Qxd6 Qh2 41. Qxh2 Rxh2 42. Rd1 g4
43. d6 Rh8 44. Kb2 Kg5 45. Kc3 Rd8 46. d7 g3 47. Kd2 Ng4 48. Ke2 Nf2 49. Rd5+
Kh4 50. Kf1 Nh3 51. Kg2 Ng5 52. Bf5 Nf3 53. Bxe4 Ne1+ 54. Kf1 g2+ 55. Bxg2 Nxc2
56. Kf2 Nxa3 57. Bf3 {1-0, F. Olafsson-Benko, Los Angeles 1963 (57)}) 13... d6
14. O-O O-O $14 {Johansson-Doda, Halle 1963} 15. Rad1 Be6 16. Rd2 Rad8 17. Rfd1
Rd7 18. h3 Rfd8 19. Kh1 Qc5 20. Qxc5 dxc5 21. Rxd7 Rxd7 22. Rxd7 Bxd7 23. b4
cxb4 {1/2-1/2, Keres-Tal, Curacao 1962/Candidates (23)}) (8... Nxd4 9. Qxd4 Bd6
10. Qd2 (10. Qd3 b5 11. O-O-O Be5 12. Bd4 Bb7 13. Bf3 d6 14. Bxe5 dxe5 15. Qd6
Rc8 16. Rhe1 Qxd6 17. Rxd6 Ke7 18. Rd3 Rc4 19. Rde3 Rhc8 20. Be2 R4c7 21. f3
Nd7 22. Rd1 Nc5 23. Rd2 g5 24. g4 h5 25. gxh5 Nd7 26. Bf1 Rh8 27. b4 Nb6 28.
Kb2 Rxh5 29. Kb3 Bc6 30. Nd1 Rh8 31. Nb2 Rhc8 32. Rg2 Be8 33. c3 Kf6 34. Rg4 a5
35. h4 gxh4 36. Rxh4 axb4 37. axb4 Ra7 38. Bd3 Nc4 39. Bxc4 bxc4+ 40. Kc2 Ra2
41. Kb1 Rca8 42. Nxc4 Ra1+ 43. Kc2 R8a2+ 44. Nb2 Ba4+ 45. Kd3 Rxb2 46. Kc4 Rd2
47. f4 Rd8 48. fxe5+ Ke7 49. Kc5 Rc8+ 50. Kb6 Bd7 51. Rd3 Raa8 52. Rhh3 Rab8+
53. Ka5 Rc7 54. Rxd7+ Kxd7 {0-1, Suetin-Gufeld, URS-ch, Lendingrad 1963 (54)})
10... Be5 11. Bd4 Bxd4 12. Qxd4 e5 13. Qb4 b6 14. O-O-O Bb7 15. Rd6 Bc6 16.
Rhd1 O-O 17. g4 Rfc8 18. g5 Ne8 19. R6d2 b5 20. Bg4 a5 21. Qe7 b4 22. Rxd7 Bxd7
23. Rxd7 Qc4 24. b3 Qf1+ 25. Nd1 Nd6 26. Qxd6 Qg2 27. Qd5 Kh8 28. Qxf7 Rg8 29.
Qh5 Qxe4 30. Bf3 Qf4+ 31. Ne3 Ra6 32. Bd5 Rb8 33. Rf7 Qd4 34. Qf3 Qa1+ 35. Kd2
Qd4+ 36. Ke2 Qc5 37. a4 Ra7 38. g6 Ra6 39. Rxg7 Rxg6 40. Rxg6 hxg6 41. Qf6+ Kh7
{1-0, Tal-Tajmanow, URS-ch, Jerewan 1962 (41)}) 9. O-O O-O 10. f4 d6 11. Qd2 (
11. Qe1 Nxd4 12. Bxd4 e5 13. fxe5 dxe5 14. Qg3 Re8 (14... Bc5 15. Bxc5 Qxc5+
16. Kh1 Kh8 17. Rxf6 gxf6 18. Qh4 Rg8 19. Nd5 Rg7 20. Qxf6 Be6 21. Qxe5 Qxc2
22. Nf4 Rc8 23. Nh5 Qc1+ 24. Bd1 Qg5 25. Qxg7+ Qxg7 26. Nxg7 Kxg7 27. Kg1 Rd8
28. Bf3 Rd2 29. b4 Rb2 30. e5 b6 31. Rc1 a5 32. bxa5 bxa5 33. Bc6 Bb3 34. a4
Ra2 35. Rc5 Bxa4 36. Rxa5 Bb3 37. Rc5 Rc2 38. Rxc2 Bxc2 39. Kf2 Bb3 {
1/2-1/2, Portisch-Matulovic, Palma de Mallorca 1967 (39)}) 15. Kh1 Bd8 16. Be3
Kh8 17. Bd3 Be6 18. Rae1 Rc8 19. Bd2 Qb6 20. Nd1 Nd7 21. b4 Be7 22. Ne3 Qd8 23.
Rd1 Bh4 24. Qf3 Nb8 25. Nf5 Bf6 26. Be3 Qc7 27. c4 Be7 28. c5 Nc6 29. Qe2 Rcd8
30. Bc4 Bf8 31. Bd5 g6 32. Nh6 Nd4 33. Qc4 Bxh6 34. Bxh6 b5 35. Qa2 Qe7 36. Be3
Kg8 37. Bxd4 exd4 38. Rxd4 Qg5 39. Qf2 Qe5 40. Rfd1 Kg7 {
1-0, Keres-Kortschnoi, Curacao (ct) 1962 (40)}) 11... Nxd4 12. Bxd4 e5 13. fxe5
(13. Be3 exf4 14. Bxf4 Be6 15. Rad1 Rfd8 16. Nd5 Bxd5 17. exd5 Nd7 18. Rf3 Bf6
19. c4 a5 20. Rdf1 Rf8 21. b4 axb4 22. axb4 Ne5 23. Bxe5 Bxe5 24. Rh3 g6 25.
Bd3 f5 26. Re3 Bd4 27. Qe2 {0-1, Vulic-Schawtwaladse, Patras 1999 (27)}) 13...
dxe5 14. Be3 Be6 15. Qe1 Bc5 16. Qf2 Rac8 17. Qg3 Bd4 18. Kh1 Bxe3 19. Qxe3
Rfd8 20. Qg3 Kh8 21. Qh4 Qe7 22. Rad1 Rxd1 23. Rxd1 Rd8 24. g4 Rxd1+ 25. Bxd1
h6 26. h3 Qd8 27. Qe1 Qb6 28. b3 Qa5 29. Qe3 Qxa3 30. g5 hxg5 31. Qxg5 Qc5 32.
Qg3 Qd4 33. Qe1 Kg8 34. Kh2 b5 35. Bf3 Bd7 36. Nd1 Bc6 37. Qf2 Bxe4 38. Bxe4
Nxe4 39. Qg2 f5 40. Qe2 Qd2 41. Qxd2 Nxd2 42. Ne3 f4 43. Nd5 Nf3+ 44. Kh1 Nd4
45. Nc7 a5 46. c3 a4 47. cxd4 a3 0-1

[Event "34th Chess Olympiad (men)"]
[Site "Istanbul"]
[Date "2000.10.28"]
[Round "1.61.4"]
[White "Forde, Michael"]
[Black "Frois, Antonio"]
[WhiteElo "2000"]
[BlackElo "2346"]
[WhiteCountry "BAR"]
[BlackCountry "POR"]
[Result "0-1"]

1. Nf3 d5 2. g3 Nf6 3. Bg2 c6 4. d3 Bg4 5. h3 Bf3 6. ef3 g6 7. O-O Bg7 8. f4 e6 
9. Nd2 O-O 10. Nf3 c5 11. c3 Nc6 12. Rb1 Qc7 13. Re1 Nd7 14. Bd2 Rac8 15. a3 b5 
16. Re2 Rfd8 17. b4 a6 18. Rc1 Qd6 19. Be1 Nb6 20. Nd2 Na4 21. Nf3 cb4 
22. ab4 d4 23. cd4 Nb4 24. Bb4 Qb4 25. Rec2 Rc2 26. Qc2 Bd4 27. Qc7 Bb6 
28. Qc6 Qd6 29. Qb7 Nc5 
0-1

[Event "34th Chess Olympiad (men)"]
[Site "Istanbul"]
[Date "2000.10.28"]
[Round "1.62.1"]
[White "Minani, Froduald"]
[Black "Claesen, Pieter"]
[WhiteElo "2000"]
[BlackElo "2416"]
[WhiteCountry "RWA"]
[BlackCountry "BEL"]
[Result "0-1"]

1. e4 e6 2. d4 d5 3. e5 c5 4. Nf3 Nc6 5. Bb5 Qb6 6. Bc6+ bc6 7. a3 cd4 
8. Nd4 c5 9. Nf3 Ba6 10. Nc3 Ne7 11. Ne2 Ng6 12. O-O Be7 13. Re1 O-O 14. b3 f6 
15. Ng3 fe5 16. Bb2 e4 17. Ne5 Ne5 18. Be5 Bf6 19. Bf6 Rf6 20. Qd2 Raf8 
21. Rf1 Bf1 22. Rf1 Qc7 23. Qe3 c4 24. b4 Qb6 25. Qb6 ab6 26. Ne2 Kf7 
27. Nd4 e5 28. Nb5 Ke6 29. Nc3 Rf4 30. Ne2 R4f7 31. c3 Ra8 32. Ra1 Rfa7 
33. g4 Ra3 34. Ra3 Ra3 35. h4 Ra2 36. Kf1 Rd2 37. Ke1 Rd3 38. h5 Kf6 
39. Ng3 Rg3 40. fg3 Kg5 41. Kf2 d4 42. cd4 ed4 43. b5 Kg4 44. Kg2 c3 45. h6 gh6 
46. Kf2 c2 47. Ke2 c1Q 48. Kf2 Qc2+ 49. Ke1 Kf3 50. Kf1 Qf2# 
0-1

[Event "34th Chess Olympiad (men)"]
[Site "Istanbul"]
[Date "2000.10.28"]
[Round "1.62.2"]
[White "Van Der Stricht, Geert"]
[Black "Mutabazi, Fidele"]
[WhiteElo "2369"]
[BlackElo "2000"]
[WhiteCountry "BEL"]
[BlackCountry "RWA"]
[Result "1-0"]

1. d4 e6 2. c4 Nf6 3. Nc3 b6 4. e4 d6 5. Nf3 Nbd7 6. Bd3 e5 7. O-O Be7 
8. Nd5 O-O 9. Ne7+ Qe7 10. Re1 c5 11. de5 de5 12. Bg5 h6 13. Bh4 Re8 
14. Nd2 Nf8 15. Nf1 Ng6 16. Bg3 Be6 17. Ne3 Red8 18. Nd5 Bd5 19. ed5 e4 
20. f3 e3 21. Bg6 fg6 22. Qd3 Re8 23. Qg6 Qf7 24. Qd3 Nh5 25. Re3 Re3 
26. Qe3 Ng3 27. hg3 Re8 28. Qd2 Qe7 29. Rd1 Qe3+ 30. Qe3 Re3 31. Kf2 Re7 
32. Re1 Rd7 33. Re8+ Kf7 34. Ra8 Ke7 35. a4 Rc7 36. Ke3 Rd7 37. g4 Kf6 
38. Rf8+ Ke7 39. Rc8 Kf6 40. Rc6+ Ke7 41. Ke4 Kf7 42. Ke5 Re7+ 43. Re6 Rd7 
44. f4 Rb7 45. f5 Rd7 46. g3 Kf8 47. d6 Kf7 48. Kd5 Kf8 49. Kc6 Rd8 50. Kc7 Ra8 
51. d7 Kf7 52. d8Q 
1-0

[Event "34th Chess Olympiad (men)"]
[Site "Istanbul"]
[Date "2000.10.28"]
[Round "1.63.2"]
[White "Yusof, Abdul"]
[Black "Valdes, Leonardo (fm)"]
[WhiteElo "2000"]
[BlackElo "2308"]
[WhiteCountry "BRU"]
[BlackCountry "CRC"]
[Result "0-1"]

1. d4 Nf6 2. c4 g6 3. Bg5 Ne4 4. Bh4 c5 5. Nf3 Bg7 6. Qd3 Qa5+ 7. Nc3 Nxc3 
8. Qxc3 Qxc3+ 9. bxc3 Nc6 10. e3 b6 
0-1

[Event "34th Chess Olympiad (men)"]
[Site "Istanbul"]
[Date "2000.10.28"]
[Round "1.63.3"]
[White "Hernandez, Basante Francisco"]
[Black "Voon Choon, Leong"]
[WhiteElo "2309"]
[BlackElo "2000"]
[WhiteCountry "CRC"]
[BlackCountry "BRU"]
[Result "1-0"]

1. d4 d6 2. Bg5 c5 3. d5 Nd7 4. Nc3 Ngf6 5. e4 a6 6. a4 h6 7. Bf4 g6 8. Nf3 Nh5 
9. Be3 Bg7 10. Be2 Qb6 11. Rb1 O-O 12. O-O Kh7 13. Nd2 Nhf6 14. Nc4 Qc7 
15. f4 Rb8 16. Na3 Ng8 17. g4 Qa5 18. Nc4 Qc7 19. a5 b5 20. ab6 Nb6 21. f5 g5 
22. Kg2 Nc4 23. Bc4 Rb4 24. Qe2 Qb6 25. Nd1 Qa7 26. c3 Rb8 27. h4 Bf6 
28. Rh1 Kg7 29. hg5 Bg5 30. Bg5 hg5 31. Qe3 f6 32. Qh3 Rf7 33. Qh8+ Kf8 
34. Rh6 Rg7 35. Rg6 Rg6 36. fg6 Qd7 37. Ne3 Qe8 38. g7+ 
1-0